| 000 | 00734nam a22001937a 4500 | ||
|---|---|---|---|
| 005 | 20240730113212.0 | ||
| 010 | _aENG-141087 | ||
| 020 |
_c750.00 _a9789389934649 |
||
| 035 | _aEN-124619 | ||
| 037 | _bDBAD | ||
| 082 | _a333.91 | ||
| 245 |
_aWater Security for Agriculture:Aatmanirbhar Bharat: _cTranstexters _b'Water-Smart'&'Climate-Smart' Action-2047/ |
||
| 260 |
_a Noida _bSunil Sachdev _c2024 |
||
| 270 |
_aD-5, Sector-2, Noida _b Noida _e201301 |
||
| 300 |
_a206 pages _c24cm |
||
| 500 | _aहर लाइलाज समस्या का इलाज आपके अंदर है | ||
| 700 |
_aProf.Shrikant Kalamkar , Dr.kirit Shelat ,Dr.Suresh Acharya _968986 |
||
| 942 |
_2ddc _cHN _h333.91 _mWAT |
||
| 999 |
_c204607 _d204607 |
||